El derecho a expresarse (Record no. 65656)

MARC details
000 -CABECERA
campo de control de longitud fija 00480nam a2200193 a 4500
005 - FECHA Y HORA DE LA ÚLTIMA TRANSACCIÓN
campo de control 20210219153005.0
008 - ELEMENTOS DE LONGITUD FIJA--INFORMACIÓN GENERAL
campo de control de longitud fija 991125n 000 0 u
035 ## - NÚMERO DE CONTROL DEL SISTEMA
Número de control de sistema UPN01000071661
100 ## - ASIENTO PRINCIPAL--NOMBRE PERSONAL
Nombre de persona MANCIAUX, Michel
222 ## - TÍTULO CLAVE
Título clave CORREO DE LA UNESCO
245 ## - MENCIÓN DE TÍTULO
Título El derecho a expresarse
300 ## - DESCRIPCIÓN FÍSICA
Extensión 12-15
362 ## - FECHAS DE PUBLICACIÓN Y/O DESIGNACIÓN SECUENCIAL
Fecha de publicación y/o designación secuencial 1991 Año 44, oct.
653 0# - TERMINO DE INDIZACION - NO CONTROLADO
Término no controlado DERECHOS HUMANOS
653 0# - TERMINO DE INDIZACION - NO CONTROLADO
Término no controlado LIBERTAD DE EXPRESION
653 0# - TERMINO DE INDIZACION - NO CONTROLADO
Término no controlado NIÑOS
904 ## - ELEMENTOS DE DATOS D LOCAL, LDD (RLIN)
a AC
b 009472
905 ## - TIPO DE MATERIAL
Tipo de material Articulo

No items available.